Responses for Show #2043 - Wednesday, June 23, 1993

Contestants

[<< previous game]

Dave Gordon, an attorney originally from Santa Ana, California

Ann Carter, a production editor from Fort Lauderdale, Florida

Ray Agran, an attorney from Yardley, Pennsylvania (whose 1-day cash winnings total $19,201)

[next game >>]

Jeopardy! Round responses

PAUL REVERE
TRANSPORTATION
EGGS
ITALIAN MENU
BODIES OF WATER
RHYME TIME
    $100 1
(Ray: What is Saturnalia?)

January 1st (New Year's Day)

RayAnn
    $100 2
Toyota

Dave
    $100 7
tadpoles

Ray
    $100 13
lemonade

Ray
    $100 8
the Caribbean

Ann
    $100 18
a mouse house

Ray
    $200 3
gunpowder

Dave
    $200 23
an ambulance

Ann
    $200 27
ova (ovum)

Dave
    $200 14
meatballs

Ray
    $200 9
the Bay of Pigs

Ann
    $200 19
a better letter

Dave
    $300 4
Fulton

Dave
    $300 24
(Dave: What are cars?)
(Ray: What are trucks?)
(Ann: What are limousines?)

bicycles

RayAnnDave
Triple Stumper
    $300 28
1,000,000

Ray
    $300 15
(Ann: Um... what are octopus?)
(Ray: What are clams?)

squid

RayAnnDave
    $300 10
Australia

Dave
    $300 20
silly Billy

Dave
    $400 5
(Ray: What is Protestant? Oh!)

the Huguenots

RayDave
    $400 25
Zeppelins

Ray
    $400 29
fertilization

Ray
    $400 16
wine

Ray
    $400 11
the Indian & the Atlantic

Ray
    $400 21
a coral moral

Ray
    $500 6
Maine

Dave
    $500 26
Chile

Ann
    $500 30
an armadillo

Ray
    $500 17
red, white & green

Ann
    $500 12
the Caspian Sea

Ray
    $500 22
a peppered leopard

Ray

Scores at the first commercial break (after clue 14):

Ray Ann Dave
$800 $400 $1,800

Scores at the end of the Jeopardy! Round:

Ray Ann Dave
$3,200 $1,000 $2,500

Double Jeopardy! Round responses

WORLD HISTORY
CANADIAN CAPITALS
1950s TV
THE BIBLE
COINS
AMERICAN LITERATURE
    $200 2
the Crusades

Ann
    $200 22
Quebec

Ray
    $200 16
Loretta Young

Ray
    $200 1
Samson

Ray
    $200 17
a harp

Ray
    $200 11
The Red Badge of Courage

Ray
    $400 7
World War I

Ray
    $400 23
Winnipeg

Ann
    $400 24
Jessica Tandy

Ann
    $400 3
inherit the Earth

Ann
    $400 18
(Ray: What is a Louis?)

a Napoleon

RayDave
    $400 12
Hemingway

Dave
    $1,500 8
(Alex: The father of the current queen, Elizabeth.)

George VI

Ray
    $600 28
Toronto

Ray
    $600 25
Edward R. Murrow

Ann
    $600 4
seven

Dave
    $600 19
Captain Cook

Dave
    $1,000 13
(Dave: What is Bleak House?)
(Alex: No, sorry, the story we referred to is "The Fall of [*]".)

the House of Usher

Dave
    $800 9
(Ray: Who are the popes of Avignon?)

the antipopes

Ray
Triple Stumper
    $800 29
Regina

Ray
    $800 26
(Ann: What is Wyatt Earp)
(Ray: What is Rawhide?)
...
(Alex: What is [*]? [*] Bodie.)

Cheyenne

RayAnn
Triple Stumper
    $800 5
Jonathan

Ann
    $800 20
the Liberty Bell

Ray
    $800 14
(Ray: Who is Dodsworth?)
(Ann: Who is Babbitt?)

Elmer Gantry

RayAnnDave
    $1000 10
the Sforza

Ray
    $1000 30
(Dave: What is St. John?)

Halifax

AnnDave
    $1000 27
Kitten

Ann
    $1000 6
Nimrod

Dave
    $1000 21
Connecticut

Triple Stumper
    $1000 15
(Ray: Who is Henry Miller?)

(Henry) James

RayAnn

Scores at the end of the Double Jeopardy! Round:

Ray Ann Dave
$5,500 $5,200 $4,300

[wagering suggestions for these scores]

Final Jeopardy! Round responses

POETS & POETRY
(Alex: [To Dave] Who is [*]? [*]. "Elegy in a Country Churchyard", yes.)
DaveWho is Gray
$1,300
AnnWho is Byron
$1,200
RayWho is Grey?
$5,000
Thomas Gray

Final scores:

Ray Ann Dave
$10,500 $4,000 $5,600
2-day champion: $29,701 3rd place: Lanier fax machine + Wheel of Fortune & Jeopardy! for the Super Nintendo Entertainment System & Sega Genesis + Jeopardy! home game 2nd place: trip on Delta to London & a stay at the St. James Court + Jeopardy! home game

Game dynamics:

Coryat scores:

Ray Ann Dave
$4,600 $5,200 $5,300
24 R
(including 2 DDs),
9 W
15 R,
4 W
16 R,
3 W
(including 1 DD)

Combined Coryat: $15,100

[game clues] [game scores] [suggest correction]

Game tape date: 1993-02-03
The J! Archive is created by fans, for fans. Scraping, republication, monetization, and malicious use prohibited; this site may use cookies and collect identifying information. See terms. The Jeopardy! game show and all elements thereof, including but not limited to copyright and trademark thereto, are the property of Jeopardy Productions, Inc. and are protected under law. This website is not affiliated with, sponsored by, or operated by Jeopardy Productions, Inc. Join the discussion at JBoard.tv.